000 01070cam a22001934a 4500
005 20250605164358.0
008 250528s ||||||||||||||||||||||||d
035 _a24470
040 _aGR-AtMCL
_bgre
_dGR-AtMCL
_eAACR2
245 1 _aDigital Payments και POS και Νέες Επενδύσεις / Νέα Εποχή στις Χρηματικές Αλλαγές
260 _c2015
300 _a42
520 _aΕπιβραβεύοντας τα Περιφερειακά και Τοπικά ΜΜΕ, Η Digital Διαφήμιση στις Καλύτερες Στιγμές της, Millennials: Η Γενιά που Άλλαξε το Purchase Pathway, Το R&D Μπορεί να 'Απογειώσει' τα ΠΟΠ Προϊόντα, Μια Επιτυχημένη Στρατηγική Εισόδου σε Νέες Αγορές, Διεθνές Rebranding για το DUO με Αφετηρία την Ελλάδα.
700 1 _aΚορδελάς Δημήτρης
_99464
942 _cCR
710 2 _aThe Marketing Week
_99825
999 _c9349
_d9349